Tự truyện Trần Văn Khê : Những Câu chuyện từ trái tim

Tallennettuna:
Bibliografiset tiedot
Päätekijä: Trần, Văn Khê
Aineistotyyppi: Kirja
Kieli:Undetermined
Julkaistu: Tp. Hồ Chí Minh Trẻ 2012
Aiheet:
Tagit: Lisää tagi
Ei tageja, Lisää ensimmäinen tagi!
Thư viện lưu trữ: Trung tâm Học liệu Trường Đại học Cần Thơ
LEADER 00700nam a2200217Ia 4500
001 CTU_180768
008 210402s9999 xx 000 0 und d
020 |c 80000 
082 |a 780.92 
082 |b Kh250 
100 |a Trần, Văn Khê 
245 0 |a Tự truyện Trần Văn Khê : 
245 0 |b Những Câu chuyện từ trái tim 
245 0 |c Trần Văn Khê; Đào Trung Uyên (chấp bút) 
260 |a Tp. Hồ Chí Minh 
260 |b Trẻ 
260 |c 2012 
650 |a Vietnamese musician,Nhạc sĩ Trần Văn Khê 
650 |x Biography,Tiểu sử 
910 |a Nguyên 
980 |a Trung tâm Học liệu Trường Đại học Cần Thơ